000 00469nam a2200145Ia 4500
003 OSt
005 20260124113614.0
008 211028s2017 xx 000 0 und d
040 _cAIMIT LIBRARY
041 _aeng
100 _aKrishna, M G; Sumitha, P V.
_g1516071
_97647
245 _aStudy on employees perception on quality of work life and job satisfaction an emparical study at Nilesh enterprises /
260 _aMangalore
_bP V Sumitha.
_c2017
942 _2ddc
_cPRO
999 _c219215
_d219215